| 000 | 00437nam a22001577a 4500 | ||
|---|---|---|---|
| 005 | 20250408081232.0 | ||
| 008 | 250408b |||||||| |||| 00| 0 eng d | ||
| 040 | _c | ||
| 100 |
_aMISHRA DR DIWAKAR _9566 |
||
| 245 | _aANIMAL PHYSIOLOGY AND ENDCRINOLOGY | ||
| 250 | _a1ST | ||
| 260 |
_aDIBRUGARH _bMAHAVEER PUBLICATION _cJANUARY, 2025 |
||
| 300 |
_a470;P _c23CM |
||
| 700 |
_aMISHRA DR. TRIPURARI _9567 |
||
| 942 |
_2ddc _cBK |
||
| 999 |
_c31347 _d31347 |
||